000 00243nam a2200097Ia 4500
001 923153
005 20250826191457.0
008 250824s9999 xx 000 0 und d
245 0 _aKROMOZOM KARDEŞLER
_cŞERBET KANTER
260 _bKETEBE YAYINLARI
999 _c923153
_d923153